Bridge team management : a practical guide

Αποθηκεύτηκε σε:
Λεπτομέρειες βιβλιογραφικής εγγραφής
Κύριος συγγραφέας: Swift, J. A.
Μορφή: Βιβλίο
Γλώσσα:English
Δημοσίευση: London : The nautical institute, 1993
Θέματα:
Ετικέτες: Προσθήκη ετικέτας
Δεν υπάρχουν, Καταχωρήστε ετικέτα πρώτοι!

MARC

LEADER 00000nam a2200000 i 4500
001 1/66280
008 980909s1993 eng d
020 |a 1870077148 
035 |l 10029791 
040 |a GR-MY-UA  |b gre  |e aacr 
041 0 |a eng 
082 0 |a 658.373875 
100 1 |a Swift, J. A. 
245 1 0 |a Bridge team management :  |b a practical guide /  |c Captain A. J. Swift 
260 |a London :   |b The nautical institute,   |c 1993 
300 |a 80 p. 
504 |a Includes index 
650 0 0 |a Merchant marine  |x Management. 
650 0 0 |a Merchant mariners. 
852 |a INST  |b CHIOS  |e 19980909  |h 658.373875 BRI  |p 005200015595  |q 005200015595  |t BK  |y 0 
901 |a BIBL-1998-3 
909 |a Χ  |b 054871 
922 |a 2ΕΛΗ  |b 199809  |c ΤΝΕΥ  |d ΜΑΝΤΑΡΑΚΗΣ